00734cam a2200193 a 4500020002800000040000800028082002600036100002300062245011200085260004100197300003600238650002700274650002400301650002300325650002100348856005500369856006200424856005400486 a0256217270 (alk. paper) cDLC00a658 LIW 1998 C145 Or.1 aNicholas, John M.,10aCompetitive manufacturing management :bcontinuous improvement, lean production, customer-focused quality / aBoston :bIrwin/McGraw-Hill,cc1998. axxiii, 840 p. :bill. ;c24 cm. 0aProduction management. 0aLean manufacturing. 0aCosts, Industrial. 0aQuality control.42uhttp://www.loc.gov/catdir/bios/mh042/97027344.html42uhttp://www.loc.gov/catdir/description/mh023/97027344.html41uhttp://www.loc.gov/catdir/toc/mh022/97027344.html